|
|
|
|
| LEADER |
00786 a2200193 4500 |
| 008 |
131220b xxu||||| |||| 00| 0 mald |
| 999 |
|
|
|c 99739
|d 99739
|
| 020 |
|
|
|a 9788182644151
|
| 082 |
|
|
|a 853.3B13
|
| 100 |
|
|
|a Balakrishnan, Payyannur
|
| 245 |
|
|
|a Unniyarcha
|c Payyannur Balakrishnan
|
| 260 |
|
|
|a Kozhikode
|b Mathrubhoomi Books
|c 2007
|
| 300 |
|
|
|a 76p.
|c 18cm.
|
| 546 |
|
|
|a in malayalam
|
| 650 |
|
|
|a Malayalam fiction
|
| 942 |
|
|
|2 ddc
|c BK
|
| 600 |
|
|
|a Balakrishnan,Payyannur
|
| 952 |
|
|
|0 0
|1 0
|4 0
|6 853_000000000000000_3B13_UNN_M
|7 0
|9 99166
|a UL
|b UL
|c ST1
|d 2013-01-31
|e 2
|g 28.00
|l 32
|o 853.3B13 UNN M
|p 88574
|r 2021-11-06
|s 2021-10-30
|v 40.00
|y BK
|
| 952 |
|
|
|0 0
|1 0
|2 ddc
|4 0
|6 853_000000000000000_3B13
|7 0
|9 354786
|a SAN
|b SAN
|c ST1
|d 2019-02-07
|i 10006
|l 1
|o 853.3B13
|p SAN10006
|r 2019-03-27
|s 2019-02-08
|w 2019-02-07
|y BK
|